Consejo de Estado 1984-1994 (Registro nro. 53864)
[ vista simple ]
| 000 -ENCABEZADO | |
|---|---|
| Número de control [NR] | 01029nam a2200253Ia 4500 |
| 005 - FECHA Y HORA DE LA ÚLTIMA TRANSACCIÓN | |
| control field | 20140217111142.0 |
| 008 - DE LONGITUD FIJA DE DATOS DE ELEMENTOS - INFORMACIÓN GENERAL | |
| Elementos de longitud fija [NR] | 130821s xx gs spa |
| 020 ## - NUMERO INTERNACIONAL NORMALIZADO PARA LIBROS [R] | |
| Número Internacional Normalizado del libro [NR] | 9589708323 |
| 040 ## - FUENTE DE CATALOGACION [NR] | |
| Agencia de catalogación original [NR] | Co-BoUCM |
| Idioma de catalogación [NR] | spa |
| 041 00 - CODIGO DE IDIOMA [R] | |
| Código de idioma para texto/pista de sonido o título separado [R] | Español |
| 092 ## - SIGNATURA TOPOGRAFICA LOCAL | |
| Número de clasificación local | CD 0229 |
| 110 2# - ASIENTO PRINCIPAL--NOMBRE CORPORATIVO [NR] | |
| Nombre corporativo o de jurisdicción como elemento de entrada [NR] | DMS Ediciones e Investigaciones |
| 245 10 - MENCION DE TITULO [NR] | |
| Título [NR] | Consejo de Estado 1984-1994 |
| Mención de responsabilidad, etc. [NR] | DMS Ediciones e Investigaciones |
| 260 ## - PUBLICACION, DISTRIBUCION, ETC. (PIE DE IMPRENTA) [R] | |
| Lugar de publicación, distribución, etc. [R] | [Lugar desconocido] |
| Nombre del editor, distribuidor, etc. [R] | [Editorial desconocida] |
| Fecha de publicación, distribución, etc. [R] | [fecha desconocida] |
| 300 ## - DESCRIPCION FISICA [R] | |
| Extensión [R] | 1 CD-ROM |
| 505 ## - NOTA DE CONTENIDO CON FORMATO PREESTABLECIDO [R] | |
| Nota de contenido con formato preestablecido [NR] | Sentencias Completas. -- Indice Temático. -- Indice Cronólogico. -- Motor de Búsqueda. |
| 538 ## - NOTA DE DETALLES DEL SISTEMA [R] | |
| Nota de detalles del sistema [NR] | Para activar el motor de busqueda teclee Ctrl y F simultáneamente. |
| 650 04 - ASIENTO SECUNDARIO DE MATERIA - TERMINO TEMATICO [R] | |
| Término temático o nombre geográfico como elemento de entrada [NR] | Derecho administrativo |
| 9 (RLIN) | 12695 |
| 650 04 - ASIENTO SECUNDARIO DE MATERIA - TERMINO TEMATICO [R] | |
| Término temático o nombre geográfico como elemento de entrada [NR] | Derecho administrativo |
| Subdivisión geográfica [R] | Colombia |
| Subdivisión cronológica [R] | Resenas bibliograficas |
| Subdivisión de forma [R] | Sentencias |
| -- | CD-ROM |
| 9 (RLIN) | 12695 |
| 650 04 - ASIENTO SECUNDARIO DE MATERIA - TERMINO TEMATICO [R] | |
| Término temático o nombre geográfico como elemento de entrada [NR] | Derecho constitucional |
| 9 (RLIN) | 12725 |
| 650 04 - ASIENTO SECUNDARIO DE MATERIA - TERMINO TEMATICO [R] | |
| Término temático o nombre geográfico como elemento de entrada [NR] | Derecho constitucional |
| Subdivisión geográfica [R] | Colombia |
| Subdivisión cronológica [R] | Resenas |
| Subdivisión de forma [R] | Sentencias |
| -- | CD-ROM |
| 9 (RLIN) | 12725 |
| 651 14 - ASIENTO SECUNDARIO DE MATERIA - NOMBRE GEOGRAFICO [R] | |
| Nombre geográfico [NR] | Colombia |
| Geographic name following place entry element [OBSOLETE] | Consejo de Estado |
| 9 (RLIN) | 26606 |
| 942 ## - ELEMENTOS DE ENTRADA AGREGADOS (KOHA) | |
| Tipo de ítem principal el descrito en 300a | Multimedia |
| Sistema de clasificación | LOCAL |
| Tema principal | Derecho |
| Edición | 1 |
| Fecha de último préstamo | Total préstamos | Código de barras | Última vez visto | Volúmen / Fascículo | Ejemplar | Price effective from | Tipo de ítem | Perdido | Sistema de clasificación | Dañado | No prestable | Tipo de ítem específico | Suprimido | Ubicación habitual | Ubicación actual | Localización | Fecha de creación | Forma de adquisición | Costo |
|---|---|---|---|---|---|---|---|---|---|---|---|---|---|---|---|---|---|---|---|
| 13/01/2010 | 100087717 | 10/12/2024 | CD 0229 | Ej.1 | 03/02/2013 | Multimedia | DEWEY | CD-Rom | Claustro | Claustro | Colección digital | 19/02/2013 | Compra | 0.00 |